| 000 | 01055cam a2200253 4500 | ||
|---|---|---|---|
| 001 | X118506 | ||
| 008 | 020624n2002 000 0 eng u | ||
| 035 | _a(Sirsi) u118506 | ||
| 100 | _aRoss, J | ||
| 245 | _aLack of notice: problems on rent review | ||
| 260 | _c2002 | ||
| 490 |
_aNew Law Journal _v152(7028) 19 April 2002, 581-592(2) |
||
| 520 | _aDiscusses what happens when rent review notices or counter-notices are served outside time-frame set in the lease. Asks whether time is of essence or not, and effect of missing right to review. | ||
| 650 | _aCHEAPSIDE LAND DEVELOPMENT CO V MESSELS SERVICE CO | ||
| 650 | _aUNITED SCIENTIFIC HOLDINGS LTD V BURNLEY BC | ||
| 650 | _aSTARMARK ENTERPRISES V CPL DISTRIBUTION | ||
| 650 | _aICELAND FOODS PLC V DANGOOR | ||
| 650 | _aFIRST PROPERTY GROWTH PARTNERSHIP LP V ROYAL AND SUN ALLIANCE PROPERTY SERVICES LTD | ||
| 650 | _aMCDONALD'S PROPERTY CO LTD V HSBC BANK | ||
| 650 | _aRENT REVIEW NOTICE | ||
| 650 | _aCOUNTERNOTICES | ||
| 690 | _aLANDLORD AND TENANT-RENT REVIEWS | ||
| 942 | _n0 | ||
| 999 |
_c70553 _d70553 |
||